<?xml version="1.0" encoding="UTF-8"?>
<record
    xmlns:xsi="http://www.w3.org/2001/XMLSchema-instance"
    xsi:schemaLocation="http://www.loc.gov/MARC21/slim http://www.loc.gov/standards/marcxml/schema/MARC21slim.xsd"
    xmlns="http://www.loc.gov/MARC21/slim">

  <leader>00633nam a22001217a 4500</leader>
  <datafield tag="040" ind1=" " ind2=" ">
    <subfield code="c">RUA</subfield>
  </datafield>
  <datafield tag="082" ind1=" " ind2=" ">
    <subfield code="a">VEM PHA 2019 B1-602 Or.</subfield>
  </datafield>
  <datafield tag="100" ind1=" " ind2=" ">
    <subfield code="a">PHAN SOVANN,&#x1795;&#x17B6;&#x1793;&#x17CB; &#x179F;&#x17BB;&#x179C;&#x178E;&#x17D2;&#x178E;</subfield>
  </datafield>
  <datafield tag="245" ind1=" " ind2=" ">
    <subfield code="a">CASE OF SALMONELLA SPP. ANTIMICROBIAL RESISTANCE ON CHICKEN MEAT AT ANGTASOM MARKET,TRAMKAK DISTRICT,TAKEO PROVINCE,&#x1780;&#x179A;&#x178E;&#x17B8; &#x179F;&#x17CA;&#x17B6;&#x17C6;&#x1793;&#x17B9;&#x1784;&#x17B1;&#x179F;&#x1790;&#x17A2;&#x1784;&#x17CB;&#x1791;&#x17B8;&#x1794;&#x17D2;&#x1799;&#x17BC;&#x1791;&#x17B7;&#x1785;&#x179B;&#x17BE;&#x179F;&#x17B6;&#x1785;&#x17CB;&#x1798;&#x17B6;&#x1793;&#x17CB;&#x1793;&#x17C5;&#x1795;&#x17D2;&#x179F;&#x17B6;&#x179A;&#x17A2;&#x1784;&#x17D2;&#x1782;&#x178F;&#x17B6;&#x1798;&#x179F;&#x17C4;&#x1798; &#x179F;&#x17D2;&#x179A;&#x17BB;&#x1780;&#x178F;&#x17D2;&#x179A;&#x17B6;&#x17C6;&#x1780;&#x1780;&#x17CB; &#x1781;&#x17C1;&#x178F;&#x17D2;&#x178F;&#x178F;&#x17B6;&#x1780;&#x17C2;&#x179C;</subfield>
  </datafield>
  <datafield tag="260" ind1=" " ind2=" ">
    <subfield code="a">phnom penh</subfield>
    <subfield code="b">rua</subfield>
    <subfield code="c">2019</subfield>
  </datafield>
  <datafield tag="300" ind1=" " ind2=" ">
    <subfield code="a">x.41p.</subfield>
    <subfield code="b">ill.</subfield>
    <subfield code="c">29cm.</subfield>
  </datafield>
  <datafield tag="942" ind1=" " ind2=" ">
    <subfield code="c">VEM</subfield>
  </datafield>
  <datafield tag="999" ind1=" " ind2=" ">
    <subfield code="c">21652</subfield>
    <subfield code="d">21652</subfield>
  </datafield>
  <datafield tag="952" ind1=" " ind2=" ">
    <subfield code="0">0</subfield>
    <subfield code="1">0</subfield>
    <subfield code="4">0</subfield>
    <subfield code="6">VEM_PHA_2019_000000000000000_B1602_OR</subfield>
    <subfield code="7">0</subfield>
    <subfield code="9">94053</subfield>
    <subfield code="a">LBB</subfield>
    <subfield code="b">LBB</subfield>
    <subfield code="c">B1.602</subfield>
    <subfield code="d">2023-08-15</subfield>
    <subfield code="l">1</subfield>
    <subfield code="o">VEM PHA 2019 B1-602 Or.</subfield>
    <subfield code="p">a073848</subfield>
    <subfield code="r">2024-01-03</subfield>
    <subfield code="s">2023-12-04</subfield>
    <subfield code="y">VEM</subfield>
  </datafield>
  <datafield tag="952" ind1=" " ind2=" ">
    <subfield code="0">0</subfield>
    <subfield code="1">0</subfield>
    <subfield code="4">0</subfield>
    <subfield code="6">VEM_PHA_2019_000000000000000_B1602_OR</subfield>
    <subfield code="7">0</subfield>
    <subfield code="9">94054</subfield>
    <subfield code="a">LBB</subfield>
    <subfield code="b">LBB</subfield>
    <subfield code="c">B1.602</subfield>
    <subfield code="d">2023-08-15</subfield>
    <subfield code="o">VEM PHA 2019 B1-602 Or.</subfield>
    <subfield code="p">a074650</subfield>
    <subfield code="r">2023-08-15</subfield>
    <subfield code="y">VEM</subfield>
  </datafield>
  <datafield tag="952" ind1=" " ind2=" ">
    <subfield code="0">0</subfield>
    <subfield code="1">0</subfield>
    <subfield code="4">0</subfield>
    <subfield code="6">VEM_PHA_2019_000000000000000_B1602_OR</subfield>
    <subfield code="7">0</subfield>
    <subfield code="9">94055</subfield>
    <subfield code="a">LBB</subfield>
    <subfield code="b">LBB</subfield>
    <subfield code="c">B1.602</subfield>
    <subfield code="d">2023-08-15</subfield>
    <subfield code="l">3</subfield>
    <subfield code="o">VEM PHA 2019 B1-602 Or.</subfield>
    <subfield code="p">a073840</subfield>
    <subfield code="r">2025-07-30</subfield>
    <subfield code="s">2025-06-26</subfield>
    <subfield code="y">VEM</subfield>
  </datafield>
  <datafield tag="952" ind1=" " ind2=" ">
    <subfield code="0">0</subfield>
    <subfield code="1">0</subfield>
    <subfield code="4">0</subfield>
    <subfield code="6">VEM_PHA_2019_000000000000000_B1602_OR</subfield>
    <subfield code="7">0</subfield>
    <subfield code="9">94056</subfield>
    <subfield code="a">LBB</subfield>
    <subfield code="b">LBB</subfield>
    <subfield code="c">B1.602</subfield>
    <subfield code="d">2023-08-15</subfield>
    <subfield code="l">1</subfield>
    <subfield code="o">VEM PHA 2019 B1-602 Or.</subfield>
    <subfield code="p">a074658</subfield>
    <subfield code="r">2024-03-25</subfield>
    <subfield code="s">2024-03-22</subfield>
    <subfield code="y">VEM</subfield>
  </datafield>
  <datafield tag="952" ind1=" " ind2=" ">
    <subfield code="0">0</subfield>
    <subfield code="1">0</subfield>
    <subfield code="4">0</subfield>
    <subfield code="6">VEM_PHA_2019_000000000000000_B1602_OR</subfield>
    <subfield code="7">0</subfield>
    <subfield code="9">94057</subfield>
    <subfield code="a">LBB</subfield>
    <subfield code="b">LBB</subfield>
    <subfield code="c">B1.602</subfield>
    <subfield code="d">2023-08-15</subfield>
    <subfield code="l">1</subfield>
    <subfield code="o">VEM PHA 2019 B1-602 Or.</subfield>
    <subfield code="p">a074654</subfield>
    <subfield code="r">2024-02-13</subfield>
    <subfield code="s">2024-01-29</subfield>
    <subfield code="y">VEM</subfield>
  </datafield>
  <datafield tag="952" ind1=" " ind2=" ">
    <subfield code="0">0</subfield>
    <subfield code="1">0</subfield>
    <subfield code="4">0</subfield>
    <subfield code="6">VEM_PHA_2019_000000000000000_B1602_OR</subfield>
    <subfield code="7">0</subfield>
    <subfield code="9">94058</subfield>
    <subfield code="a">LBB</subfield>
    <subfield code="b">LBB</subfield>
    <subfield code="c">B1.602</subfield>
    <subfield code="d">2023-08-15</subfield>
    <subfield code="o">VEM PHA 2019 B1-602 Or.</subfield>
    <subfield code="p">a073844</subfield>
    <subfield code="r">2023-08-15</subfield>
    <subfield code="y">VEM</subfield>
  </datafield>
</record>
